Exports and technology

This book analyses the relationships between technological advancement and innovation, and trade performance. It concentrates, in particular, on the contribution of research and development expenditures, and skilled labour, to exports. It examines what determines expenditure on R & D, and whethe...

Täydet tiedot

Tallennettuna:
Bibliografiset tiedot
Päätekijä: Hughes, Kirsty
Aineistotyyppi: Kirja
Kieli:Undetermined
Julkaistu: Cambridge Cambridge University Press 1986
Aiheet:
Tagit: Lisää tagi
Ei tageja, Lisää ensimmäinen tagi!
Thư viện lưu trữ: Trung tâm Học liệu Trường Đại học Cần Thơ
LEADER 01052nam a2200193Ia 4500
001 CTU_222053
008 210402s9999 xx 000 0 und d
082 |a 382.6 
082 |b H893 
100 |a Hughes, Kirsty 
245 0 |a Exports and technology 
245 0 |c Kirsty Hughes 
260 |a Cambridge 
260 |b Cambridge University Press 
260 |c 1986 
520 |a This book analyses the relationships between technological advancement and innovation, and trade performance. It concentrates, in particular, on the contribution of research and development expenditures, and skilled labour, to exports. It examines what determines expenditure on R & D, and whether there is a chain of causation from exports to R & D. The book reviews and develops the existing literature both on the relationship between technology, skill and trade flows, and on the determinants of research and development. 
650 |a Commerce,Technology,Công nghệ,Thương mại 
904 |i Trúc 
980 |a Trung tâm Học liệu Trường Đại học Cần Thơ